000 00863nam a2200229 a 4500
005 20160907093612.0
008 160907t2013 gw a||||r|||| 00| 0 spa d
020 _a9783936191417
040 _aCO-BoIAVH
_cCO-BoIAVH
041 1 _aeng
_hger
044 _agx
082 0 4 _a304.25
_bG78t
245 0 4 _aThe great transformation :
_bClimate - Can we beat the heat /
260 _aBerlin, Alemania :
_bWBGU,
_c2011.
300 _a138 páginas :
_bilustraciones ;
_c24 x 17 cm.
504 _aIncluye referencias bibliográficas.
650 2 6 _aCambio climático
_vTiras cómicas, historietas, etc.
650 2 6 _aMitigación del cambio climático
_vTiras cómicas, historietas, etc.
650 2 6 _aEnergía renovable
_vTiras cómicas, historietas, etc.
650 2 6 _aPolución
_vTiras cómicas, historietas, etc.
942 _2ddc
_cLIBRO
999 _c18995
_d18995